| 000 | 00483nam a2200181Ia 4500 | ||
|---|---|---|---|
| 005 | 20250603145712.0 | ||
| 008 | 250603s9999 xx 000 0 und d | ||
| 020 | _a9780230580145 | ||
| 050 | _aTH 435 .S44/ | ||
| 100 | _aEdited by Alan V. Hore; Maria O’Kelly & Rita Scully | ||
| 245 | 0 | _aSeeley and Winfield’s building quantities explained | |
| 260 | _aNew York | ||
| 260 | _bPalgrave Macmillan | ||
| 260 | _c2009 | ||
| 300 | _a408 p | ||
| 650 | _aNew York | ||
| 942 | _cBK | ||
| 999 |
_c42605 _d42605 |
||